<?xml version="1.0" encoding="UTF-8"?>
<marc:record xmlns:marc="http://www.loc.gov/MARC21/slim">
   <marc:leader>00000nam a2200000 a 4500</marc:leader>
   <marc:datafield ind1="1" ind2=" " tag="100">
      <marc:subfield code="a">Stohner, Anu</marc:subfield>
      <marc:subfield code="4">aut</marc:subfield>
      <marc:subfield code="e">Verfasser/-in</marc:subfield>
   </marc:datafield>
   <marc:datafield ind1="1" ind2=" " tag="100">
      <marc:subfield code="a">Wilson, Henrike</marc:subfield>
      <marc:subfield code="4">aut</marc:subfield>
      <marc:subfield code="e">Verfasser/-in</marc:subfield>
   </marc:datafield>
   <marc:datafield ind1="0" ind2="0" tag="245">
      <marc:subfield code="a">Das Schaf Charlotte und das Kätzchen</marc:subfield>
   </marc:datafield>
   <marc:datafield ind1="0" ind2="0" tag="245">
      <marc:subfield code="c">Anu Stohner ; Henrike Wilson</marc:subfield>
   </marc:datafield>
   <marc:datafield ind1=" " ind2="1" tag="264">
      <marc:subfield code="a">München</marc:subfield>
      <marc:subfield code="b">Carl Hanser</marc:subfield>
      <marc:subfield code="c">2015</marc:subfield>
   </marc:datafield>
   <marc:datafield ind1=" " ind2=" " tag="250">
      <marc:subfield code="a">1</marc:subfield>
   </marc:datafield>
   <marc:datafield ind1="1" ind2=" " tag="520">
      <marc:subfield code="a">Lange denken die alten Schafe, so was Wildes wie ihre Charlotte gäbe es nicht noch mal &#x96; bis eine kleine Katze auftaucht. Oder eigentlich ist es ein Kater. Michel heißt er und fürchtet sich vor nichts und niemandem. Erst verpasst er dem Hütehund eins auf die Nase, dann scheucht er die Hühner aufs Dach, und Eduard, das Schwein, weckt er unsanft aus dem Mittagsschlaf. "Tz-tz-tz", machen die Alten und finden, es müsste sich mal einer wehren gegen den Racker. Als er dann aber auf sie selber zukommt, bleibt nur Charlotte stehen. Es beginnt eine wilde Jagd der ungleichen Tiere, an deren Ende eine wunderbare Freundschaft ihren Anfang nimmt. Ein Bilderbuch zum Vorlesen und Anschauen.</marc:subfield>
   </marc:datafield>
   <marc:datafield ind1=" " ind2=" " tag="020">
      <marc:subfield code="a">9783446247529</marc:subfield>
      <marc:subfield code="9">9783446247529</marc:subfield>
   </marc:datafield>
   <marc:datafield ind1=" " ind2=" " tag="020">
      <marc:subfield code="a">3446247521</marc:subfield>
      <marc:subfield code="9">3446247521</marc:subfield>
   </marc:datafield>
   <marc:datafield ind1=" " ind2=" " tag="300">
      <marc:subfield code="a">23 S</marc:subfield>
   </marc:datafield>
</marc:record>
